000 00798nam a2200229 i 4500
001 36527
003 ES-MaACL
005 20230906155403.0
007 t|
008 030218s1946 sp ||||1| spa d
100 1 _aBryant, Arthur.
_932250
245 1 0 _aCien años de vida inglesa :
_b(1840-1940) /
_cArthur Bryant ; traducción del inglés por José Pemartín.
250 _a1ª ed.
260 _aBarcelona :
_bJuventud,
_c1946 (
_fClarasó)
300 _a384 p., 1 lám. ;
_c23 cm.
651 4 _aGran Bretaña-
_xHistoria-
_y1837-1901, Victoria.
_9144250
651 4 _aGran Bretaña-
_xHistoria-
_yS.XX.
_98755
651 4 _aGran Bretaña-
_xUsos y costumbres.
_98765
651 4 _aGran Bretaña-
_xSituación social.
_9161545
700 1 _aPemartín, José.
_990131
852 4 _aES-MaACL
_jC-4284
999 _c36527
_d36527